Leitfaden der Mineralogie, Geologie, Botanik und Zoologie auf Grundlage neuester wissenschaftlicher Forschung zum Gebrauche beim Unterricht an den mittleren und oberen Alassen der Ghmnasien, Realschulen und ahnlicher Unstalten Erste Abteilung : Zoologie /
Elmentve itt :
| Szerző: | |
|---|---|
| Dokumentumtípus: | Cikk |
| Megjelent: |
1880
|
| Sorozat: | Kolligátum
|
| Kulcsszavak: | Állattan |
| Online Access: | http://misc.bibl.u-szeged.hu/23722 |
| LEADER | 00752nab a2200169 i 4500 | ||
|---|---|---|---|
| 001 | misc23722 | ||
| 005 | 20191111110708.0 | ||
| 008 | 171011s1880 hu o 0|| zxx d | ||
| 040 | |a SZTE Miscellanea Repozitórium |b hun | ||
| 041 | |a zxx | ||
| 100 | 1 | |a Trefz Friedrich | |
| 245 | 1 | 0 | |a Leitfaden der Mineralogie, Geologie, Botanik und Zoologie auf Grundlage neuester wissenschaftlicher Forschung zum Gebrauche beim Unterricht an den mittleren und oberen Alassen der Ghmnasien, Realschulen und ahnlicher Unstalten |h [elektronikus dokumentum] : |b Erste Abteilung : Zoologie / |c Trefz Friedrich |
| 260 | |c 1880 | ||
| 300 | |a 1-116 | ||
| 490 | 0 | |a Kolligátum | |
| 695 | |a Állattan | ||
| 856 | 4 | 0 | |u http://misc.bibl.u-szeged.hu/23722/1/koll_008_016_001-116.pdf |z Dokumentum-elérés |